Вестник рентгенологии и радиологии (Запись № 3781494)

Подробности
000 -МАРКЕР
контрольное поле 13952nas1a22014891i 4500
001 - ИДЕНТИФИКАТОР ЗАПИСИ
контрольное поле RU\NLR\INFOCOMM18\1000062422
005 - ИДЕНТИФИКАТОР ВЕРСИИ
контрольное поле 20260408071725.0
011 ## - МЕЖДУНАРОДНЫЙ СТАНДАРТНЫЙ НОМЕР СЕРИАЛЬНОГО ИЗДАНИЯ (ISSN)
Номер (ISSN) 0042-4676
Уточнения Print
011 0# - МЕЖДУНАРОДНЫЙ СТАНДАРТНЫЙ НОМЕР СЕРИАЛЬНОГО ИЗДАНИЯ (ISSN)
Номер (ISSN) 2619-0478
Уточнения Online
035 ## - ДРУГИЕ СИСТЕМНЫЕ НОМЕРА
Идентификатор записи (NLR Aleph) 002640546
100 ## - ДАННЫЕ ОБЩЕЙ ОБРАБОТКИ
Данные общей обработки 20040114a19209999|||y0rusy50 ca
101 0# - ЯЗЫК РЕСУРСА
Язык текста, звукозаписи и т.д. русский
102 ## - СТРАНА ПУБЛИКАЦИИ ИЛИ ПРОИЗВОДСТВА
Страна публикации Российская Федерация
110 ## - ПОЛЕ КОДИРОВАННЫХ ДАННЫХ: ПРОДОЛЖАЮЩИЕСЯ РЕСУРСЫ
Кодированные данные продолжающегося ресурса agu||||0|y0
200 1# - ЗАГЛАВИЕ И СВЕДЕНИЯ ОБ ОТВЕТСТВЕННОСТИ
Основное заглавие Вестник рентгенологии и радиологии
Сведения, относящиеся к заглавию Журн. Гос. Рентгенол. и радиологического ин-та. Отд. медико-биологический
210 ## - ПУБЛИКАЦИЯ, РАСПРОСТРАНЕНИЕ И ДР.
Место издания, распространения и т.д. Пб.
Имя издателя, распространителя и т. д. Гос. изд-во
Дата издания, распространения и т.д. 1920 -
305 ## - ПРИМЕЧАНИЯ О ДАТЕ ОСНОВАНИЯ ИЗДАНИЯ
Текст примечания Основан в 1920 г.
510 1# - ПАРАЛЛЕЛЬНОЕ ЗАГЛАВИЕ
Параллельное заглавие Russian journal of radiology
Язык заглавия английский
510 1# - ПАРАЛЛЕЛЬНОЕ ЗАГЛАВИЕ
Параллельное заглавие Vestnik rentgenologii i radiologii
Язык заглавия интерлингва
510 1# - ПАРАЛЛЕЛЬНОЕ ЗАГЛАВИЕ
Параллельное заглавие Journal of radiology and nuclear medicine
Язык заглавия английский
531 ## - СОКРАЩЕННОЕ ЗАГЛАВИЕ (ПРОДОЛЖАЮЩИЕСЯ РЕСУРСЫ)
Заглавие ВРР
712 02 - НАИМЕНОВАНИЕ ОРГАНИЗАЦИИ - ВТОРИЧНАЯ ОТВЕТСТВЕННОСТЬ
Код отношения Прочие
Начальный элемент ввода "Лучевая диагностика", акционерное общество
Идентифицирующий признак Санкт-Петербург
Системный номер авторитетной/нормативной записи 530239
Идентификатор авторитетной/нормативной записи RU\NLR\AUTH\8810016197
712 02 - НАИМЕНОВАНИЕ ОРГАНИЗАЦИИ - ВТОРИЧНАЯ ОТВЕТСТВЕННОСТЬ
Код отношения Прочие
Начальный элемент ввода Российская ассоциация радиологов
Системный номер авторитетной/нормативной записи 338292
Идентификатор авторитетной/нормативной записи RU\NLR\AUTH\889921070
712 02 - НАИМЕНОВАНИЕ ОРГАНИЗАЦИИ - ВТОРИЧНАЯ ОТВЕТСТВЕННОСТЬ
Код отношения Прочие
Начальный элемент ввода Всесоюзная ассоциация рентгенологов и радиологов
Системный номер авторитетной/нормативной записи 341746
Идентификатор авторитетной/нормативной записи RU\NLR\AUTH\889922899
712 02 - НАИМЕНОВАНИЕ ОРГАНИЗАЦИИ - ВТОРИЧНАЯ ОТВЕТСТВЕННОСТЬ
Код отношения Прочие
Начальный элемент ввода Всероссийское научное общество рентгенологов и радиологов
Системный номер авторитетной/нормативной записи 467751
Идентификатор авторитетной/нормативной записи RU\NLR\AUTH\889986041
712 02 - НАИМЕНОВАНИЕ ОРГАНИЗАЦИИ - ВТОРИЧНАЯ ОТВЕТСТВЕННОСТЬ
Код отношения Прочие
Начальный элемент ввода Всесоюзное научное медицинское общество рентгенологов и радиологов
Системный номер авторитетной/нормативной записи 467758
Идентификатор авторитетной/нормативной записи RU\NLR\AUTH\889986045
712 02 - НАИМЕНОВАНИЕ ОРГАНИЗАЦИИ - ВТОРИЧНАЯ ОТВЕТСТВЕННОСТЬ
Код отношения Прочие
Начальный элемент ввода ЦНИИ медицинской радиологии
Идентифицирующий признак Ленинград
Системный номер авторитетной/нормативной записи 380555
Идентификатор авторитетной/нормативной записи RU\NLR\AUTH\889942767
712 02 - НАИМЕНОВАНИЕ ОРГАНИЗАЦИИ - ВТОРИЧНАЯ ОТВЕТСТВЕННОСТЬ
Код отношения Прочие
Начальный элемент ввода Московское объединение медицинских радиологов
Системный номер авторитетной/нормативной записи 314445
Идентификатор авторитетной/нормативной записи RU\NLR\AUTH\8810213863
712 02 - НАИМЕНОВАНИЕ ОРГАНИЗАЦИИ - ВТОРИЧНАЯ ОТВЕТСТВЕННОСТЬ
Код отношения Прочие
Начальный элемент ввода Российское общество рентгенологов и радиологов
Системный номер авторитетной/нормативной записи 530256
Идентификатор авторитетной/нормативной записи RU\NLR\AUTH\880432940
801 #2 - ИСТОЧНИК ЗАПИСИ
Страна Российская Федерация
Организация NLR
Дата составления 20071107
Источник данных rusmarc
801 #1 - ИСТОЧНИК ЗАПИСИ
Страна Российская Федерация
Организация InfoComm
Дата составления 20040114
801 #0 - ИСТОЧНИК ЗАПИСИ
Страна Российская Федерация
Организация NLR
Правила каталогизации PSBO
852 ## - МЕСТОНАХОЖДЕНИЕ И ШИФР ХРАНЕНИЯ
Идентификатор организации NLR
Шифр хранения (Call Number) П17/5
942 ## - ДОПОЛНИТЕЛЬНЫЕ ЭЛЕМЕНТЫ ЗАПИСИ (АБИС)
Тип экземпляра АБИС Журнал
980 ## - КОЛЛЕКЦИЯ
Название коллекции Русская периодика

Нет доступных экземпляров.